| 000 | 00688 a2200253 4500 | ||
|---|---|---|---|
| 001 | 200128645 | ||
| 999 |
_c200128645 _d22959 |
||
| 003 | TR-AnTOB | ||
| 005 | 20231130084155.0 | ||
| 008 | 160507b19679999fr dr0n 0 0 | ||
| 022 | 1 | _a0844205656 | |
| 040 | _aTR-AnTOB | ||
| 041 | 0 | _aeng | |
| 050 | 0 | 0 |
_aDC701 _bI587 1967- |
| 099 | _aJOURNAL - INTE HE | ||
| 245 | 0 | 0 | _aInternational herald tribune / |
| 260 |
_aParis : _bInternational Herald Tribune, _c1967- |
||
| 300 |
_av.: _bill. |
||
| 310 | _aDaily (except Sun.) | ||
| 500 | _aPublished with the New York Times and the Washington Post. | ||
| 650 | 0 | 0 |
_aNewspapers _zFrance _986980 |
| 650 | 0 | 0 |
_aGazeteler _zFransa _986981 |
| 942 | _cCR | ||